| 000 | 00837nam a2200217 a 4500 | ||
|---|---|---|---|
| 001 | BRCA_1937 | ||
| 005 | 20190320203616.0 | ||
| 008 | 910509s1989 mx-a---##b---f001-0#spa-# | ||
| 020 | _a9686115064 | ||
| 040 |
_aDLC _cDLC _dDLC |
||
| 050 | 4 |
_aF1391.C3 _b.L46 1989 |
|
| 100 | 1 |
_aLeón-Portilla, Miguel _9504 |
|
| 245 | 1 | 0 |
_aCartografía y crónicas de la antigua California _cMiguel León-Portilla. |
| 260 |
_aMéxico _bUNAM, Fundación de Investigaciones Sociales _c1989 |
||
| 300 |
_ax, 207 p. _bil. (algunas a color), mapas _c35 cm. |
||
| 500 | _aIncluye índice de láminas, índice de figuras e índice analítico | ||
| 504 | _aBibliografía: p. [189]-194 | ||
| 651 | 4 |
_aCalifornia (Estados Unidos) _xDescubrimiento y exploración _95959 |
|
| 651 | 4 |
_aCalifornia (Estados Unidos) _vMapas _xDescripción y viajes _95960 |
|
| 942 |
_2lcc _cB |
||
| 999 |
_c1707 _d1707 |
||